000 00335 a2200145 4500
020 _a978-7-119-13527-4
040 _aISPLB
082 _b327
100 _91011
_aXI,Jinping
245 _aObras Selecionadas de Xi Jinping
260 _aChina ,
_bLinguas Estrangeiras
_c2024.
300 _a739p
650 _aPolitica
942 _cLivros
999 _c2184
_d2184